logo

Bir Sreshtho Munshi Abdur Rouf Library
Jhenaidah Cadet College

যুগ-স্রষ্টা নজরুল / (Record no. 2455)

MARC details
000 -LEADER
fixed length control field 00707nam a2200217 a 4500
001 - CONTROL NUMBER
JCCL Control Number 2455
003 - CONTROL NUMBER IDENTIFIER
JCCL marc code BD-JhCC
005 - DATE AND TIME OF LATEST TRANSACTION
control field 20171102184113.0
008 - FIXED-LENGTH DATA ELEMENTS--GENERAL INFORMATION
fixed length control field 171102s1957 bg a|||| ||a| 001 0 ben d
035 ## - SYSTEM CONTROL NUMBER
system control number (BD-JhCC)2455
040 ## - CATALOGING SOURCE
Original cataloging agency BD-JhCC
Modifying agency BD-JhCC
041 ## - LANGUAGE CODE
Language code of Book ben
082 ## - DEWEY DECIMAL CLASSIFICATION NUMBER
Classification number 891.4409
Author mark and Year MOH 1957
100 ## - MAIN ENTRY--PERSONAL NAME
Personal name মঈনুদ্দীন, খান মুহাম্মদ
245 ## - TITLE STATEMENT
Title যুগ-স্রষ্টা নজরুল /
Statement of responsibility, etc খান মুহাম্মদ মঈনুদ্দীন,
260 ## - PUBLICATION, DISTRIBUTION, ETC. (IMPRINT)
Place of publication, distribution, etc ঢাকা :
Name of publisher, distributor, etc আলহামরা লাইব্রেরী,
Date of publication, distribution, etc 1967
300 ## - PHYSICAL DESCRIPTION
Pagination 301 P. :
Dimensions 22 CM.
650 ## - SUBJECT ADDED ENTRY--TOPICAL TERM
Topical term or geographic name as entry element Bengali Literature
942 ## - ADDED ENTRY ELEMENTS (KOHA)
Source of classification or shelving scheme Dewey Decimal Classification
Koha item type Books
Holdings
Source of classification or shelving scheme Damaged status Not for loan Home library Current library Shelving location Date of accession Cost, normal purchase price Total Checkouts Full call number Barcode Date last seen Copy number Koha item type
Dewey Decimal Classification     JCC Rouf Library JCC Rouf Library General Stacks 11/02/2017 80.00   891.4409 MOH 1957 3676 11/02/2017 C-1 Books
Dewey Decimal Classification     JCC Rouf Library JCC Rouf Library General Stacks 11/11/2017 8.00   891.4409 MOH 1957 3762 11/11/2017 C-2 Books

JCC Library | Contacts | JCC Home

Last Update on 23 September 2017
Copyright @ 2017-2020 JCC Rouf Library
Rouf Library, Jhenidah Cadet College (JCC), Bangladesh